Music Quiz

Random Music or Bands Quiz

'The' Bands A-Z Slideshow Quiz Stats

Quiz Updated Jul 20, 2015

Also try: 3-Word Bands (A-Z)
Challenge
Share
Tweet
Score 0/25 Timer 06:00
1 Play Today
% Correct
The Beatles
99%
The Jackson 5
95%
The Rolling Stones
90.6%
The Police
89.3%
The Doors
88.7%
The Clash
85.2%
The Who
83.5%
The Kinks
82.8%
The Supremes
80.7%
The Animals
80.5%
The Monkees
79.9%
The Temptations
75.9%
The Everly Brothers
75.8%
% Correct
The Go-Gos
67.2%
The Four Tops
63.5%
The Yardbirds
55.9%
The Offspring
55.3%
The Velvet Underground
49.4%
The Zombies
41.7%
The Hollies
38.4%
The Lovin' Spoonful
37.5%
The Undertones
17.4%
The Impressions
14.3%
The National
12.5%
The X-Ecutioners
5.5%

You're not logged in!

Compare scores with friends on all Sporcle quizzes.
Sign Up with Email
OR
Log In

You Might Also Like...

Show Comments

Extras

Top Quizzes Today


Score Distribution

Your Account Isn't Verified!

In order to create a playlist on Sporcle, you need to verify the email address you used during registration. Go to your Sporcle Settings to finish the process.